000 00261nam a22001217a 4500
040 _cHS
082 _a399
100 _aNA
245 _aGenetic improvement of forest trees through selection and breeding
260 _aNA
_bNA
_cNA
300 _aNA
942 _cEK
999 _c10274
_d10274